000
00259nam a22001097a 4500
008
170118b xxu||||| |||| 00| 0 eng d
020
_a
072150171
041
_a
eng
080
_a
618.2
245
_a
SAUNDERS MANUAL OF NURSING CARE
_c
LUCKMANN, J
942
_2
udc
_c
BK
999
_c
3136
_d
3136